| 000 | 00612nam a2200145Ia 4500 | ||
|---|---|---|---|
| 008 | 170221s9999 xx 000 0 und d | ||
| 100 | _aAnna Viktorovna Vinokurova | ||
| 245 | 4 | _aThe Transformation of the Family Institution in the Modern Russian and Mongolian Society: The Structural and Functional Features | |
| 245 | _cAnna Viktorovna Vinokurova, Damdin Dorzhievich Badaraev, Timur Batorovich Badmatsyrenov | ||
| 260 | _bInternational Review of Management and Marketing | ||
| 260 | _c2016 | ||
| 300 | _a6 : 3S | ||
| 650 | _xMarketing. | ||
| 856 | _uhttp://www.econjournals.com/index.php/irmm/issue/view/75 | ||
| 999 |
_c308606 _d308606 |
||